00848nam a2200181 i 450000100060000000300090000600500170001500700030003200800410003508000110007624503080008726000460039530000220044165000420046385200220050599900170052795201220054477843ES-MaACL20250831072554.0t|041111s1914 fr ||||1| fre d a26(04)00aHistoire de l'Eglise depuis sa fondation jusqu'áa nos jours. Abrégé sommaire áa l'usage de la jeunesse, par Une réunion de professeurs. Ouvrage approuvé par LL. EE. les cardinaux de Reims et de Lyon, LL. GG. les archevêques de Tours et de Chambéry et NN. SS. les évêques de Tarentas. aTours : bMaison A. Mame et Fils, c1914. a280 p. ; c18 cm.07aHistoria eclesiástica2embne913400 aES-MaACLjE-10330 c77843d77843 00104070aATENEOMbATENEOMcDEPO2d2008-01-17eSCl0oE-10330p1081438r2023-02-23 00:00:00w2023-02-23yMONOGRAFIA